000 00649nam a22002177a 4500
003 UA-OsUOA
001 58440
007 ta
008 20090210b un ||||| |||| 00| 0 ukr d
100 _aКлименко В.
090 _a82
_bК49
942 _cSA
040 _aUA-OsUOA
_bukr
_cUA-OsUOA
_dUA-OsUOA
245 _aПорушилася ієрархія. Учора помер патріарх української літератури Павло Загребельний
300 _aС.2
955 _a0
041 _aukr
080 _a82
773 0 _w58439
650 7 _a82 Література. Літературознавство
_2UDC
999 _c344520
_d344520